Hlahol spiežovcov v hodine dvanástej. 1

Prírodné a ekonomické podmienky chovu oviec na Slovensku. Nepriaznivá ekonomická situácia v posledných rokoch. Postupné znižovanie počtu oviec. Subvenčná politika. Zvýšenie prémií za kvalitu. Dopyt po jatočnom mäse. Pokles výroby vlny.

Salvato in:
Dettagli Bibliografici
Autore principale: Margetín, M.
Natura: Capitolo di libro
Lingua:slovacco
Soggetti:
Tags: Aggiungi Tag
Nessun Tag, puoi essere il primo ad aggiungerne!!

MARC

LEADER 00000naa a2200000 4500
001 r026559
005 20230824090216.9
041 0 |a slo 
044 |a SK 
245 1 0 |a Hlahol spiežovcov v hodine dvanástej. 1  |c M. Margetín 
520 |a Prírodné a ekonomické podmienky chovu oviec na Slovensku. Nepriaznivá ekonomická situácia v posledných rokoch. Postupné znižovanie počtu oviec. Subvenčná politika. Zvýšenie prémií za kvalitu. Dopyt po jatočnom mäse. Pokles výroby vlny. 
610 2 0 |a Slovensko 
610 2 0 |a 1992-1997 
610 2 0 |a chov zvierat 
610 2 0 |a ovčiarstvo 
610 2 0 |a vlna 
610 2 0 |a subvencie 
610 2 0 |a kvalita 
100 1 |a Margetín, M.